Crimea Facts - Statistics

General Stats
  • This quiz has been taken 26 times
  • The average score is 10 of 15
Answer Stats
Clue Answer % Correct
Sea that Crimea touches to the south and west Black Sea
100%
Country that invaded Crimea and currently occupies it Russia
100%
Country that the Crimean peninsula is connected to by land Ukraine
100%
Year the above invasion took place 2014
95%
Smaller sea located to the east Sea of Azov
86%
Soviet leader who starved many of the above by shipping food away from Crimea Joseph Stalin
82%
Largest port city of Crimea Sevastopol
82%
City where the allied leaders met to discuss post-WWII plans for Germany Yalta
73%
Turkic people group that makes up over 10% of the population Crimean {Tatar}
59%
War from 1853–1856 in which the Russian Empire fought the allied British, French, Ottomans and Sardinians, with much of the fighting taking place on Crimea Crimean War
55%
City that serves as the administrative center of Crimea Simferopol
50%
Highest mountain peak (think of one of the empires that controlled Crimea) {Roman}-Kosh
32%
Large area of shallow lagoons, known for its pink color and rotten smell Syvash
18%
Decorative castle in Gaspra built over a steep cliff overlooking the sea {Swallow}'s Nest
9%
Name given to Crimea by the ancient Greeks {Tauri}ca
9%
No matching quizzes found
Score Distribution
Percent of People with Each Score
Percentile by Number Answered
Your Score History
You have not taken this quiz